000 00548nam a22001217a 4500
008 110624t xxu||||| |||| 00| 0 eng d
010 _aHCCS F91
245 _aThe High Court Civil Suit No. 548 of 1992 National Water and Sewerage Corp. Vs Dokolo Construction Company Ltd.
260 _c1992
500 _aBefore : The Hon. Mr. Justice L.J.O. Ongom.
999 _c3972
_d3972